Loading...
| History - World | 0 | 2 | 0 | 0 | 20 | 76 | 95.50 | 0 | 2 | 4.22 | 15.00 |
| Fine Arts - Classical Music | 0 | 1 | 0 | 0 | 10 | 107 | 107.00 | 1 | 1 | 1.16 | 7.50 |
| Geography | 0 | 1 | 0 | 0 | 10 | 45 | 45.00 | 0 | 1 | 31.85 | 37.50 |
| History - Other | 0 | 1 | 0 | 0 | 10 | 126 | 126.00 | 0 | 0 | 0.67 | 2.50 |
| Literature - American | 0 | 1 | 0 | 0 | 10 | 64 | 64.00 | 0 | 1 | 4.80 | 6.67 |
| Mythology | 0 | 1 | 0 | 0 | 10 | 73 | 73.00 | 0 | 1 | 4.02 | 7.50 |
| Philosophy | 0 | 1 | 0 | 0 | 10 | 104 | 104.00 | 0 | 1 | 0.63 | 5.00 |
| Science - Chemistry | 0 | 1 | 0 | 0 | 10 | 71 | 71.00 | 0 | 1 | 2.97 | 5.00 |
| Current Events | 0 | 1 | 0 | 0 | 10 | 85 | 85.00 | 0 | 1 | 14.58 | 25.00 |
| Social Science | 0 | 1 | 1 | 0 | 5 | 59 | 59.00 | 0 | 1 | 4.59 | 7.50 |